Nick's King Charles III Quiz - Statistics

General Stats
  • This quiz has been taken 725 times
    666 since last reset
  • The average score is 12 of 15
Answer Stats
Hint Answer % Correct
In which year did he become King? 2022
98%
What was the name of his first wife? Diana
98%
How many children does he have? (Word) Two
97%
Who will be Charles' heir to the throne? William
96%
In which year was Charles born? 1948
93%
In which year did Charles' father The Duke Of Edinburgh die? 2021
92%
How many grandchildren does Charles have? (Word) Five
92%
In which year did Charles marry Camilla? 2005
86%
In which building was Charles born? Buckingham Palace
81%
In which year was his investiture as Prince of Wales? 1969
77%
What were Camilla's last names before she married Charles?? Parker Bowles
73%
Of which English county was Charles, when still a Prince, the Duke of? Cornwall
58%
After Charles what is his next name? Philip
57%
Which charity did Charles found in 1976? Princes Trust
46%
Prior to becoming King what was the name of Charles & Camilla's country home? Highgrove
24%
No matching quizzes found
Score Distribution
Percent of People with Each Score
Percentile by Number Answered
Your Score History
You have not taken this quiz since the last reset